000 00848nam a2200265Ia 4500
003 OSt
005 20220926010649.0
006 a|||||r|||| 00| 0
007 ta
008 220923b |||||||| |||| 00| 0 eng d
037 _cGeneral Book
040 _aRTL
_cRTL
_beng
041 _2eng
_aeng
082 _aV:71.41.C, K8
100 _aChang Kwang-Chih
245 0 _aThe Archaeology of Ancient China
250 _a2nd
260 _aNew Haven
_bYale University UAS
_c1968
300 _axxv, 483p. P.20,24,25,29,40,43,45,46,49,52,53,54,57,58,61,64,66,67,69,73,75,82,90,91.93,94,98,99,100,...435.
_ccm.
500 _aBibliography p.453-56; Appendix p.457-70; Index:P471-83
650 _a History
650 _aArchaeology
_9256899
942 _hV:71.41.C, K8
_cGB
_2CC
999 _c617989
_d617989